| 000 | 00676cam a2200229 4500 | ||
|---|---|---|---|
| 001 | 3140625 | ||
| 005 | 20241120174639.0 | ||
| 008 | 730911s1974 nyua b 001 0 eng | ||
| 020 | _a0023133503 | ||
| 050 | 0 | 0 |
_aS591 _b.B79 1974 |
| 082 | 0 | 0 | _a631.4 |
| 100 | 1 | _aBrady, Nyle C. | |
| 245 | 1 | 4 |
_aThe nature and properties of soils _c[by] Nyle C. Brady. |
| 250 | _a8th ed. | ||
| 260 |
_aNew York, _bMacmillan _c[1974] |
||
| 300 |
_axvi, 639 p. _billus. _c24 cm. |
||
| 500 | _aSixth-7th ed. by H. O. Buckman and N. C. Brady. | ||
| 650 | 0 | _aSoil science. | |
| 650 | 0 | _aSoils. | |
| 700 | 1 |
_aBuckman, Harry O., _d1883-1964. _tNature and properties of soils. |
|
| 942 |
_2lcc _cBK _n0 |
||
| 999 |
_c1387 _d1387 |
||